Closest Genetic Populations to the White Americans - Statistics

General Stats
  • This quiz has been taken 31 times
  • The average score is 9 of 12
Answer Stats
Genetic Distance Ethnicity % Correct
1.736 German
100%
0.914 Irish
96%
0.398 English
93%
2.164 French
93%
0.566 Scottish
89%
1.527 Danish
85%
1.999 Norwegian
85%
0.860 Dutch
81%
0.469 Welsh
74%
1.192 Breton
30%
1.906 Icelander
30%
0.893 Orcadian
4%
No matching quizzes found
Score Distribution
Percent of People with Each Score
Percentile by Number Answered
Your Score History
You have not taken this quiz